[Event "ch-CHN w"]
[Site "Xinghua Jiangsu CHN"]
[Date "2009.06.01"]
[Round "6"]
[White "Ding Yixin"]
[Black "Gu Xiaobing"]
[Result "0-1"]
[WhiteElo "2281"]
[BlackElo "2336"]
[EventDate "2009.05.26"]

1. e4 c5 2. Nf3 d6 3. d4 cxd4 4. Nxd4 Nf6 5. Nc3 Nc6 6. Be2 e5 7. Nf3 h6 8.
O-O Be7 9. Re1 O-O 10. h3 a6 11. Be3 Qc7 12. Nh2 Bd8 13. Qd2 Qe7 14. Rad1
Ba5 15. Bd3 Be6 16. a3 Rac8 17. f4 exf4 18. Bxf4 Ne5 19. b4 Bb6+ 20. Be3
Qc7 21. Bf1 Rfd8 22. Qf2 Bxe3 23. Rxe3 Qb6 24. Rde1 Rc7 25. Na4 Qa7 26. Nf3
Rdc8 27. Bd3 b5 28. Nxe5 dxe5 29. Nc5 Nd7 30. Nxe6 fxe6 31. Qg3 Rc3 32. Qg4
Nf8 33. Qh5 Rxa3 34. Qxe5 Rxc2 35. Bxc2 Rxe3 36. Rxe3 Qxe3+ 37. Kh2 g5 38.
Qa1 Qd2 39. Qb1 Ng6 40. Bd3 Ne5 41. Bf1 Nc6 42. Qb3 Qf4+ 43. Kg1 Qxe4 44.
Bd3 Qe1+ 45. Kh2 Nxb4 46. Bg6 Qe5+ 47. Kh1 Nd5 48. Bb1 Qe2 49. Bd3 Qe1+ 50.
Kh2 Qe5+ 51. Kh1 Nf4 52. Bf1 Kf7 53. Qf3 Qd5 54. Qf2 Kg6 55. Kh2 e5 56. g3
Ne6 57. Bg2 e4 58. Qb6 Qe5 59. Qe3 Nc5 60. Kh1 b4 61. h4 b3 62. h5+ Kxh5
63. g4+ Kg6 0-1

[Event "ch-CHN w"]
[Site "Xinghua Jiangsu CHN"]
[Date "2009.06.01"]
[Round "6"]
[White "Zhang Jilin"]
[Black "Zhang Xiaowen"]
[Result "0-1"]
[WhiteElo "2335"]
[BlackElo "2340"]
[EventDate "2009.05.26"]

1. e4 e6 2. d4 d5 3. Nc3 Nf6 4. e5 Nfd7 5. f4 c5 6. Nf3 Nc6 7. Be3 cxd4 8.
Nxd4 Qb6 9. a3 Bc5 10. Na4 Qa5+ 11. Nc3 Qb6 12. Na4 Qa5+ 13. c3 Bxd4 14.
Bxd4 Nxd4 15. Qxd4 b6 16. Qb4 Qxb4 17. axb4 O-O 18. g3 Bb7 19. Bg2 Rfc8 20.
b5 a6 21. bxa6 Bxa6 22. b3 b5 23. Nb2 Rxc3 24. Kd2 b4 25. Rhc1 Rac8 26. Nd1
Rxc1 27. Rxc1 Rxc1 28. Kxc1 Nc5 29. Kc2 Bd3+ 30. Kb2 Be2 31. Ne3 d4 32. Nc2
d3 33. Ne3 f6 34. Bc6 fxe5 35. fxe5 Kf7 36. Bb5 Ne4 37. Bc4 Nd2 38. Bb5 Nf3
39. Nc2 Bf1 40. Ne3 Nxh2 41. Bc6 Be2 42. Kc1 Bf3 43. Bd7 Be4 44. Bb5 Nf3
45. Nc4 Bd5 46. Nd6+ Ke7 47. Nc8+ Kd8 0-1

[Event "ch-CHN w"]
[Site "Xinghua Jiangsu CHN"]
[Date "2009.06.01"]
[Round "6"]
[White "Wang Yu A"]
[Black "Xu Tong"]
[Result "1-0"]
[WhiteElo "2364"]
[BlackElo "2231"]
[EventDate "2009.05.26"]

1. e4 c5 2. Nf3 Nc6 3. d4 cxd4 4. Nxd4 g6 5. Nc3 Bg7 6. Be3 Nf6 7. Be2 O-O
8. O-O d6 9. Qd2 Bd7 10. Rfd1 a6 11. a4 Rc8 12. f3 Nxd4 13. Bxd4 Be6 14. a5
Bc4 15. b3 Bxe2 16. Nxe2 Nd7 17. Bxg7 Kxg7 18. c4 Qc7 19. Kh1 Qc5 20. Nc3
Nf6 21. Na4 Qe5 22. Nb6 Rc6 23. Re1 e6 24. f4 Qh5 25. e5 dxe5 26. Rxe5 Qh6
27. Qd4 Ng4 28. h3 Nxe5 29. fxe5 Qg5 30. Rd1 Qe7 31. Rd3 Re8 32. Qf4 Rc7
33. Rd6 f6 34. exf6+ Qxf6 35. Qxf6+ Kxf6 36. Nd5+ Ke5 37. Nxc7 Kxd6 38.
Nxe8+ Ke7 39. Nc7 Kd6 40. Nxa6 bxa6 41. b4 1-0

[Event "ch-CHN w"]
[Site "Xinghua Jiangsu CHN"]
[Date "2009.06.02"]
[Round "7"]
[White "Tan Zhongyi"]
[Black "Ding Yixin"]
[Result "1-0"]
[WhiteElo "2436"]
[BlackElo "2281"]
[EventDate "2009.05.26"]

1. d4 d5 2. Nf3 Nf6 3. g3 g6 4. Bg2 Bg7 5. O-O O-O 6. c4 c6 7. cxd5 cxd5 8.
Ne5 Ng4 9. Nf3 Nf6 10. Nc3 Nc6 11. Ne5 e6 12. Nxc6 bxc6 13. Bf4 Nh5 14. Be3
Rb8 15. Na4 Nf6 16. Bf4 Rb5 17. Rc1 Bb7 18. Qc2 Nd7 19. Rfd1 Qe7 20. b3 Ba8
21. e4 Rb4 22. Qc3 dxe4 23. Nc5 Rxd4 24. Rxd4 Qxc5 25. Qxc5 Nxc5 26. Rd6
Nd3 27. Rc4 c5 28. Ra4 Bd5 29. Rxa7 Nxf4 30. gxf4 Bh6 31. Rda6 Bxf4 32. Ra4
f5 33. Bf1 Bb8 34. Re7 f4 35. Bh3 e5 36. Be6+ Bxe6 37. Rxe6 e3 38. fxe3
fxe3 39. Re4 Rd8 40. Rxe3 c4 41. Rc3 cxb3 42. axb3 Ba7+ 43. Kg2 Bd4 44. Rc7
Rb8 45. Ree7 h5 46. b4 Kf8 47. Rf7+ Kg8 48. Rfd7 g5 49. Kf3 Bb2 50. b5 Ba3
51. Rg7+ Kf8 52. Rh7 Ke8 53. Rxh5 Kd8 54. Ra7 Bf8 55. Rh8 Ke8 56. b6 1-0

[Event "ch-CHN w"]
[Site "Xinghua Jiangsu CHN"]
[Date "2009.06.02"]
[Round "7"]
[White "Zhao Xue"]
[Black "Wang Jue"]
[Result "1-0"]
[WhiteElo "2531"]
[BlackElo "2162"]
[EventDate "2009.05.26"]

1. d4 Nf6 2. Nf3 g6 3. c4 Bg7 4. Nc3 d6 5. e4 O-O 6. Be2 e5 7. O-O Nc6 8.
d5 Ne7 9. Nd2 a5 10. a3 Nd7 11. Rb1 f5 12. b4 Kh8 13. f3 Ng8 14. Nb3 axb4
15. axb4 Ndf6 16. c5 Rf7 17. Bb2 Nh5 18. g3 Bf6 19. exf5 gxf5 20. f4 Ng7
21. Ra1 Rxa1 22. Bxa1 exf4 23. gxf4 Qe8 24. Kh1 dxc5 25. bxc5 c6 26. d6 Be6
27. Nd4 Bxd4 28. Qxd4 Bd5+ 29. Nxd5 Qxe2 30. Rg1 Qf3+ 31. Rg2 h6 32. Kg1
cxd5 33. Rxg7 Rf6 34. Rg3 Qe4 35. Qxe4 1-0

[Event "ch-CHN w"]
[Site "Xinghua Jiangsu CHN"]
[Date "2009.06.02"]
[Round "7"]
[White "Gu Xiaobing"]
[Black "Zhang Jilin"]
[Result "1/2-1/2"]
[WhiteElo "2336"]
[BlackElo "2335"]
[EventDate "2009.05.26"]

1. e4 c5 2. Nf3 e6 3. d4 cxd4 4. Nxd4 Nf6 5. Nc3 d6 6. g4 Be7 7. g5 Nfd7 8.
h4 Nc6 9. Be3 O-O 10. Rg1 Nxd4 11. Bxd4 e5 12. Be3 Nb6 13. Qd2 Be6 14.
O-O-O Nc4 15. Bxc4 Bxc4 16. Kb1 Qd7 17. f4 exf4 18. Bxf4 Rfd8 19. h5 Qe8
20. h6 Bf8 21. Rg3 Rac8 22. Rh3 b5 23. Nd5 Bxd5 24. Qxd5 Rc5 25. Qd3 Rc4
26. Re3 Rdc8 27. b3 R4c5 28. Re2 Qc6 29. Bxd6 Bxd6 30. Qxd6 Qxd6 31. Rxd6
Rxg5 32. hxg7 Kxg7 33. Rd7 a6 34. e5 Kg8 35. Rf2 Rf8 36. Re7 Rg6 37. Kc1 h5
38. Kd2 h4 39. Ke3 h3 40. Rd7 Rh6 41. Rh2 Re8 42. Kf4 Rh5 43. Rd3 Rexe5 44.
Rhxh3 Rhf5+ 45. Kg4 Rg5+ 46. Kf3 Rgf5+ 47. Kg3 Re2 48. Rh6 Rxc2 49. Rxa6
Rff2 50. a4 bxa4 51. bxa4 Rfd2 52. Rb3 Rb2 53. Rb5 Rxb5 54. axb5 Rb2 55.
Rb6 Kg7 56. Kf4 f6 57. Kf5 Rf2+ 58. Ke6 Re2+ 59. Kd6 Kg6 60. Rc6 Rb2 61. b6
Kg5 62. Rc5+ f5 63. Kc6 Kg4 64. Rb5 Rc2+ 65. Kd7 Rd2+ 66. Ke7 Rh2 67. b7
Rh8 68. Kd6 f4 69. Kd5 f3 70. b8=Q Rxb8 71. Rxb8 f2 72. Rb1 Kf3 73. Kd4
1/2-1/2

[Event "ch-CHN w"]
[Site "Xinghua Jiangsu CHN"]
[Date "2009.06.02"]
[Round "7"]
[White "Xu Tong"]
[Black "Wang Xiaohui"]
[Result "1/2-1/2"]
[WhiteElo "2231"]
[BlackElo "2265"]
[EventDate "2009.05.26"]

1. e4 d6 2. d4 Nf6 3. Nc3 g6 4. f3 a6 5. Be3 b5 6. Qd2 Bb7 7. Bh6 Bxh6 8.
Qxh6 Nbd7 9. O-O-O e5 10. dxe5 dxe5 11. a4 Qe7 12. axb5 axb5 13. Bxb5 c6
14. Bc4 Qb4 15. Ba2 Ba6 16. Kb1 Rb8 17. Bb3 c5 18. Na2 Qb7 19. Qc1 O-O 20.
Nc3 c4 21. Ba2 Nc5 22. Nge2 Rfc8 23. Rd6 Qe7 24. Rd2 Rb6 25. Rhd1 Rcb8 26.
Ka1 Kg7 27. g4 Qb7 28. Rd8 Rxb2 29. Rxb8 Rxa2+ 30. Nxa2 Qxb8 31. Qb2 Qc7
32. Nec3 Ne6 33. h3 Ng5 34. f4 Nxh3 35. g5 Ng4 36. Nd5 Qd6 37. Qc3 Nhf2 38.
Re1 Nxe4 39. Rxe4 Qxd5 40. Re1 Bc8 41. fxe5 Be6 42. Nb4 Qd8 43. Kb2 Qxg5
44. Nc6 h5 45. Nd4 Qf4 46. Nf3 Nf2 47. Nd2 g5 48. Rf1 g4 49. Rg1 h4 50. Ka3
h3 51. Nf1 h2 52. Nxh2 Qxh2 53. Qe3 Nh3 54. Rg3 Qxc2 55. Qd4 Qc1+ 56. Ka4
Qf4 57. Qc3 Ng5 58. Re3 Ne4 59. Qd4 Bf5 60. e6+ Kg6 61. e7 Bd7+ 62. Qxd7
Nc5+ 63. Kb5 Nxd7 64. e8=Q Nf6 65. Qe5 Qxe5+ 66. Rxe5 g3 67. Kxc4 Ng4 68.
Re1 f5 69. Kd3 Kg5 70. Ke2 Nh2 71. Ra1 f4 72. Ra5+ Kg4 73. Ra4 Nf3 74. Ra8
Nd4+ 75. Kf1 Nc2 76. Ra4 Kf3 77. Kg1 Ne3 78. Ra3 Kg4 79. Ra4 Nf5 80. Kf1
Nh4 81. Kg1 Nf5 82. Kf1 Ne3+ 83. Kg1 Nd5 84. Kg2 Nc3 85. Rc4 Nd1 86. Ra4
Ne3+ 87. Kg1 Kf3 88. Ra3 g2 89. Rb3 Ke2 90. Rb2+ Kd3 91. Rb3+ Kc4 92. Ra3
Kd4 93. Ra4+ Ke5 94. Ra5+ Ke4 95. Ra4+ Kf5 96. Ra5+ Kg4 97. Ra4 Kg3 98. Ra3
Kf3 99. Rb3 Ke2 100. Rb2+ Ke1 101. Rb1+ 1/2-1/2

[Event "ch-CHN w"]
[Site "Xinghua Jiangsu CHN"]
[Date "2009.06.03"]
[Round "8"]
[White "Ju Wenjun"]
[Black "Gu Xiaobing"]
[Result "1/2-1/2"]
[WhiteElo "2454"]
[BlackElo "2336"]
[EventDate "2009.05.26"]

1. d4 Nf6 2. c4 g6 3. Nc3 Bg7 4. e4 d6 5. Be2 O-O 6. Nf3 e5 7. O-O Na6 8.
Re1 c6 9. Be3 Ng4 10. Bg5 f6 11. Bh4 Nh6 12. Rb1 g5 13. Bg3 f5 14. exf5
Bxf5 15. dxe5 Bxb1 16. Qxb1 Nc5 17. b4 g4 18. bxc5 gxf3 19. Bd3 dxe5 20.
Bxh7+ Kh8 21. Ne4 b6 22. Bg6 bxc5 23. Nxc5 Qd6 24. Nb3 Rad8 25. Be4 fxg2
26. Kxg2 Qf6 27. Qc2 Nf7 28. Na5 c5 29. Qe2 Qh6 30. Nb3 Rd6 31. Nxc5 Rd2
32. Qe3 Qd6 33. Ne6 Bh6 34. Nxf8 Bxe3 35. Ng6+ Kg7 36. Rxe3 Qd4 37. Ne7 Nd6
38. Kf3 Qa1 39. Bd5 Nxc4 40. Nf5+ Kf6 41. Bxc4 Qd1+ 42. Kg2 Kxf5 43. Rxe5+
Kf6 44. Re6+ Kg7 45. Bb3 Qg4 46. h3 Qg5 47. Re4 Qc5 48. Rg4+ Kh8 49. Rh4+
Kg7 50. Rg4+ Kh8 51. Rh4+ Kg7 52. Rg4+ Kh8 1/2-1/2

[Event "ch-CHN w"]
[Site "Xinghua Jiangsu CHN"]
[Date "2009.06.03"]
[Round "8"]
[White "Wang Jue"]
[Black "Zhang Xiaowen"]
[Result "0-1"]
[WhiteElo "2162"]
[BlackElo "2340"]
[EventDate "2009.05.26"]

1. e4 e6 2. d4 d5 3. Nc3 Nf6 4. Bg5 dxe4 5. Nxe4 Be7 6. Bxf6 gxf6 7. Nf3 a6
8. g3 f5 9. Nc3 b5 10. Bg2 Bb7 11. O-O O-O 12. Qe2 b4 13. Nd1 Be4 14. Ne3
Nc6 15. c3 Bf6 16. Rad1 bxc3 17. bxc3 Qe7 18. Rfe1 Qa3 19. Rc1 Rab8 20. Nc4
Qa4 21. Nfd2 Bxg2 22. Kxg2 Ne7 23. Nb3 Qc6+ 24. f3 Ng6 25. Nc5 Kh8 26. Na5
Qd5 27. Nab3 Rg8 28. Kf2 a5 29. Red1 f4 30. Qe4 Qh5 31. Rh1 Be7 32. Nd3 a4
33. Nd2 Bd6 34. Rcg1 Qa5 35. Nc4 Qxc3 36. Rc1 f5 37. Rxc3 fxe4 38. fxe4
fxg3+ 39. hxg3 Rbf8+ 40. Ke2 Bxg3 41. Rf1 Rxf1 42. Kxf1 h5 43. Nc5 Nf4 44.
e5 h4 45. Ne4 Bh2 46. Ne3 h3 47. Rxc7 Nh5 48. Ke2 Bg1 49. Nf1 Bxd4 50. Nd6
Nf4+ 51. Kf3 Nd5 52. Rc4 Rf8+ 53. Ke2 Bxe5 54. Rh4+ Kg7 55. Nc4 Bc7 56.
Nfe3 h2 57. Nxd5 exd5 58. Ne3 Rh8 59. Nf5+ Kg8 60. Ne7+ Kg7 61. Nf5+ Kg8
62. Ne7+ Kf7 63. Rxh8 Kxe7 64. Rh7+ Ke6 65. Kd3 a3 66. Ke3 Be5 67. Rh5 Kd6
68. Rh6+ Kc5 69. Kd3 Bf4 70. Rh5 Kd6 71. Rh4 Ke5 72. Rh5+ Kf6 73. Kd4 Kg6
74. Rh8 Bh6 75. Rg8+ Kh7 0-1

[Event "ch-CHN w"]
[Site "Xinghua Jiangsu CHN"]
[Date "2009.06.03"]
[Round "8"]
[White "Wang Yu A"]
[Black "Zhao Xue"]
[Result "1-0"]
[WhiteElo "2364"]
[BlackElo "2531"]
[EventDate "2009.05.26"]

1. e4 c6 2. d4 d5 3. e5 Bf5 4. Nc3 e6 5. g4 Bg6 6. Nge2 Nd7 7. f4 h5 8. f5
exf5 9. g5 h4 10. Nf4 Bb4 11. a3 Bxc3+ 12. bxc3 Nf8 13. Be2 Ne6 14. Nh3 Ne7
15. a4 Qc7 16. Ba3 c5 17. O-O cxd4 18. Bd6 Qxc3 19. Ra3 Qc8 20. Bb5+ Kf8
21. Nf4 Nxf4 22. Rxf4 Qd8 23. Qxd4 Kg8 24. Rxh4 Bh7 25. Rah3 Rc8 26. Bd3
Rc6 27. Rh5 a6 28. Qb4 Nc8 29. Qxb7 Rb6 30. Qc7 Qxc7 31. Bxc7 Rc6 32. Bd8
Nb6 33. Bxf5 g6 34. Rh6 Nc4 35. Bd7 1-0

[Event "ch-CHN w"]
[Site "Xinghua Jiangsu CHN"]
[Date "2009.06.03"]
[Round "8"]
[White "Tan Zhongyi"]
[Black "Xu Tong"]
[Result "1-0"]
[WhiteElo "2436"]
[BlackElo "2231"]
[EventDate "2009.05.26"]

1. Nf3 Nf6 2. d4 g6 3. c4 Bg7 4. Nc3 O-O 5. Bg5 d6 6. e3 h6 7. Bh4 c5 8.
Be2 Nc6 9. d5 Na5 10. Nd2 a6 11. a4 Nd7 12. O-O Nb6 13. Qc2 g5 14. Bg3 e6
15. dxe6 Bxe6 16. Rfd1 f5 17. Nde4 Nbxc4 18. Nxc5 Qe7 19. Nxe6 Qxe6 20. b4
f4 21. exf4 gxf4 22. Bh4 Rac8 23. bxa5 Bxc3 24. Bf3 Qe5 25. Rac1 Nd2 26.
Rxd2 Bxd2 27. Qxd2 Rxc1+ 28. Qxc1 Qxa5 29. Qc4+ Kg7 30. h3 Qe1+ 31. Kh2 Qe5
32. Bxb7 a5 33. f3 h5 34. Bf2 Kh6 35. Be4 Qf6 36. Bd4 Qe7 37. Qd5 h4 38.
Qxa5 Rg8 39. Qf5 1-0

[Event "ch-CHN w"]
[Site "Xinghua Jiangsu CHN"]
[Date "2009.06.03"]
[Round "8"]
[White "Ding Yixin"]
[Black "Zhang Jilin"]
[Result "1/2-1/2"]
[WhiteElo "2281"]
[BlackElo "2335"]
[EventDate "2009.05.26"]

1. e4 c5 2. Nf3 e6 3. d4 cxd4 4. Nxd4 Nf6 5. Nc3 d6 6. Be2 Be7 7. O-O O-O
8. f4 a6 9. Kh1 Qc7 10. Be3 Nc6 11. Qe1 Nxd4 12. Bxd4 b5 13. a3 Bb7 14. Qg3
Rac8 15. Rae1 Rfd8 16. Bd3 Rd7 17. e5 dxe5 18. Bxe5 Qb6 19. f5 exf5 20.
Rxf5 Qd8 21. Ref1 Bd6 22. Bxf6 Qxf6 23. Qh3 Qe6 24. Rh5 h6 25. Bf5 Qc4 26.
Bd3 Qe6 27. Bf5 Qc4 28. Bd3 Qe6 29. Bf5 Qc4 30. Bd3 1/2-1/2

[Event "ch-CHN w"]
[Site "Xinghua Jiangsu CHN"]
[Date "2009.06.04"]
[Round "9"]
[White "Zhao Xue"]
[Black "Wang Xiaohui"]
[Result "1-0"]
[WhiteElo "2531"]
[BlackElo "2265"]
[EventDate "2009.05.26"]

1. c4 Nf6 2. Nc3 c5 3. e4 Nc6 4. f4 d6 5. Nf3 g6 6. Be2 Bg7 7. O-O O-O 8.
d3 a6 9. Kh1 Rb8 10. Be3 b5 11. Qd2 Bg4 12. f5 gxf5 13. Bh6 e6 14. exf5
Bxh6 15. Qxh6 Bxf5 16. Ng5 Bg6 17. Rf4 Nd4 18. Raf1 Nf5 19. Qh3 Nd5 20.
cxd5 Qxg5 21. Ne4 Qe7 22. g4 Nd4 23. Nf6+ Kh8 24. g5 Rg8 25. Nxh7 Nf5 26.
Rxf5 Bxf5 27. Rxf5 1-0

[Event "ch-CHN w"]
[Site "Xinghua Jiangsu CHN"]
[Date "2009.06.04"]
[Round "9"]
[White "Zhang Xiaowen"]
[Black "Wang Yu A"]
[Result "1-0"]
[WhiteElo "2340"]
[BlackElo "2364"]
[EventDate "2009.05.26"]

1. e4 e5 2. Nf3 Nc6 3. Bb5 a6 4. Ba4 Nf6 5. O-O Be7 6. Re1 b5 7. Bb3 O-O 8.
a4 b4 9. d4 d6 10. dxe5 dxe5 11. Qxd8 Rxd8 12. Nbd2 h6 13. a5 Bd6 14. Bc4
Bb7 15. b3 Re8 16. Bb2 Rad8 17. Bd3 Bc5 18. Nc4 Ng4 19. Re2 Nd4 20. Bxd4
Bxd4 21. Nxd4 exd4 22. e5 h5 23. h3 Nh6 24. Ra4 Bc6 25. Rxb4 Bb5 26. Na3 c5
27. Nxb5 cxb4 28. Nc7 Re7 29. Nxa6 Rd5 30. Nxb4 Rxa5 31. Nc6 Ra1+ 32. Kh2
Rd7 33. b4 Kf8 34. f4 Ng8 35. Re4 Ne7 36. Nxd4 Nd5 37. e6 Re7 38. b5 Rd1
39. f5 g5 40. Re5 Nf6 41. Nc6 Re8 42. b6 h4 43. b7 g4 44. g3 gxh3 45. Kxh3
1-0

[Event "ch-CHN w"]
[Site "Xinghua Jiangsu CHN"]
[Date "2009.06.04"]
[Round "9"]
[White "Zhang Jilin"]
[Black "Ju Wenjun"]
[Result "0-1"]
[WhiteElo "2335"]
[BlackElo "2454"]
[EventDate "2009.05.26"]

1. e4 c5 2. Nf3 d6 3. d4 cxd4 4. Nxd4 Nf6 5. Nc3 a6 6. Be2 e5 7. Nb3 Be7 8.
O-O O-O 9. Be3 Be6 10. Qd2 Nbd7 11. a4 Rc8 12. a5 Qc7 13. Rfc1 h6 14. Nd5
Bxd5 15. exd5 Ne4 16. Qb4 f5 17. f3 Bg5 18. Bxg5 Nxg5 19. c4 h5 20. Qe1 Qd8
21. Nd2 Nh7 22. b4 Qg5 23. Ra3 Nhf6 24. Rac3 h4 25. Bf1 Kh8 26. Kh1 Rce8
27. Qe3 Qh5 28. Qf2 Qh6 29. Re1 e4 30. Kg1 Ne5 31. fxe4 Neg4 32. Qd4 Nxe4
33. Nxe4 Rxe4 34. Rxe4 fxe4 35. Qxe4 Qd2 36. Rf3 Rxf3 37. Qe8+ Kh7 38. Qe4+
Kh6 0-1

[Event "ch-CHN w"]
[Site "Xinghua Jiangsu CHN"]
[Date "2009.06.04"]
[Round "9"]
[White "Xu Tong"]
[Black "Ding Yixin"]
[Result "0-1"]
[WhiteElo "2231"]
[BlackElo "2281"]
[EventDate "2009.05.26"]

1. e4 c5 2. Nf3 d6 3. d4 cxd4 4. Nxd4 Nf6 5. Nc3 a6 6. g3 e5 7. Nb3 Be7 8.
Bg2 O-O 9. a4 Bg4 10. Qd2 Nbd7 11. O-O Rc8 12. h3 Be6 13. Qd1 Nb6 14. a5
Nc4 15. Kh2 Qc7 16. f4 exf4 17. gxf4 Rfe8 18. Rf3 Bf8 19. Rg3 Rcd8 20. Nd5
Bxd5 21. exd5 Ne4 22. Rf3 g6 23. Qd3 Bg7 24. Ra4 Rc8 25. c3 Nf6 26. Rf1 Nh5
27. Bf3 Nxf4 28. Qd1 Qd7 29. Bg4 Qxa4 30. Bxc8 Rxc8 31. Bxf4 Nxb2 32. Qg4
Rxc3 33. Nd2 Nd3 34. Kh1 Nxf4 35. Rxf4 Qa2 36. Qg2 Be5 0-1

[Event "ch-CHN w"]
[Site "Xinghua Jiangsu CHN"]
[Date "2009.06.04"]
[Round "9"]
[White "Gu Xiaobing"]
[Black "Wang Jue"]
[Result "1-0"]
[WhiteElo "2336"]
[BlackElo "2162"]
[EventDate "2009.05.26"]

1. e4 c5 2. Nc3 d6 3. Nf3 Nf6 4. d4 cxd4 5. Nxd4 a6 6. Be3 e5 7. Nb3 Be6 8.
Qd2 Nbd7 9. f4 Rc8 10. f5 Bc4 11. O-O-O b5 12. Kb1 d5 13. Nxd5 Nxe4 14. Qc1
Bxd5 15. Rxd5 Qc7 16. Be2 Ba3 17. Rd3 Be7 18. Bf3 Nd6 19. Rhd1 O-O 20. g4
Rfd8 21. Nd2 Nc4 22. Nxc4 bxc4 23. Rd5 c3 24. b3 Nc5 25. Rxd8+ Rxd8 26.
Rxd8+ Qxd8 27. Qd1 Qb8 28. Qd5 Qb5 29. Qxe5 Qf1+ 30. Bc1 Nd3 31. cxd3 Qxd3+
32. Ka1 c2 33. Qb8+ Bf8 34. Kb2 Qxf3 35. Qf4 Qd1 36. Qd2 Qxg4 37. Qxc2 g6
38. fxg6 Bg7+ 39. Kb1 hxg6 40. a3 Be5 41. Qd3 Qh4 42. h3 Qe1 43. Kc2 Qf2+
44. Kb1 Qe1 45. b4 Kg7 46. Kc2 Qf2+ 47. Kb3 Qf6 48. a4 Qe6+ 49. Ka3 Qc6 50.
Bd2 f5 51. b5 axb5 52. axb5 Qb7 53. Bc3 Qa7+ 54. Kb3 Bxc3 55. Qxc3+ Kh6 56.
Qh8+ Kg5 57. Qd8+ Kh5 58. b6 Qa1 59. Qd3 Qa5 60. Qf3+ Kh6 61. Qf4+ Kh5 62.
Qf3+ Kh6 63. b7 Qb6+ 64. Kc2 Qc7+ 65. Kd1 f4 66. Qb3 Qb8 67. Ke2 Kg5 68.
Kf3 Kh5 69. Qf7 Qa7 70. Qh7+ Kg5 71. h4+ Kf6 72. Qh8+ Kf5 73. Qf8+ Ke6 74.
Qe8+ Kf6 75. b8=Q Qa3+ 76. Kxf4 Qc1+ 77. Qe3 Qc4+ 78. Kg3 1-0

[Event "ch-CHN w"]
[Site "Xinghua Jiangsu CHN"]
[Date "2009.06.05"]
[Round "10"]
[White "Ding Yixin"]
[Black "Ju Wenjun"]
[Result "1/2-1/2"]
[WhiteElo "2281"]
[BlackElo "2454"]
[EventDate "2009.05.26"]

1. e4 c5 2. Nf3 d6 3. d4 cxd4 4. Nxd4 Nf6 5. Nc3 a6 6. Be3 e5 7. Nf3 Be7 8.
Bc4 O-O 9. O-O Nc6 10. Bb3 Na5 11. Bg5 Nxb3 12. axb3 Be6 13. Bxf6 Bxf6 14.
Nd5 Rc8 15. c3 Bg5 16. Nxg5 Qxg5 17. Re1 g6 18. Re3 Kg7 19. Rg3 Qh4 20. Ra4
Rc6 21. Nb4 Rb6 22. Nd5 Rc6 23. Nb4 Rb6 24. Nd5 Rc6 25. Nb4 1/2-1/2

[Event "ch-CHN w"]
[Site "Xinghua Jiangsu CHN"]
[Date "2009.06.05"]
[Round "10"]
[White "Wang Yu A"]
[Black "Gu Xiaobing"]
[Result "1/2-1/2"]
[WhiteElo "2364"]
[BlackElo "2336"]
[EventDate "2009.05.26"]

1. e4 c5 2. Nf3 d6 3. d4 cxd4 4. Nxd4 Nf6 5. Nc3 a6 6. Be3 e5 7. Nb3 Be6 8.
f4 b5 9. f5 Bc4 10. Bxc4 bxc4 11. Nd2 d5 12. Nxd5 Nxd5 13. exd5 Qxd5 14.
Qe2 c3 15. bxc3 Nd7 16. O-O Bc5 17. c4 Bxe3+ 18. Qxe3 Qc6 19. Ne4 O-O 20.
f6 Nxf6 21. Nxf6+ gxf6 22. Qh6 Qxc4 23. Qxf6 Rae8 1/2-1/2

[Event "ch-CHN w"]
[Site "Xinghua Jiangsu CHN"]
[Date "2009.06.05"]
[Round "10"]
[White "Tan Zhongyi"]
[Black "Zhao Xue"]
[Result "0-1"]
[WhiteElo "2436"]
[BlackElo "2531"]
[EventDate "2009.05.26"]

1. d4 Nf6 2. Nf3 e6 3. c4 b6 4. g3 Ba6 5. Nbd2 c5 6. e4 d6 7. Bg2 Nbd7 8.
O-O cxd4 9. Nxd4 Bb7 10. Re1 a6 11. a4 Rb8 12. a5 Be7 13. axb6 Qxb6 14.
N2b3 O-O 15. Be3 Qc7 16. Bd2 Ne5 17. Rc1 Rfc8 18. Qe2 Ba8 19. Rc2 Ned7 20.
Na5 Nc5 21. e5 dxe5 22. Ndc6 e4 23. Nxb8 Rxb8 24. Ra1 Nd3 25. c5 Bd5 26. b4
h5 27. Nc4 Nxb4 28. Bxb4 Rxb4 29. Nb6 Bb7 30. Qd2 Rb5 31. Rac1 Bc6 32. Bf1
Ng4 33. Bxb5 e3 34. fxe3 axb5 35. e4 Qe5 36. Nd5 exd5 37. exd5 Bxd5 38. Re1
Qf5 39. Rc3 Bc4 40. Rxc4 bxc4 41. h3 Bxc5+ 42. Kg2 Nf6 43. Re2 Nd5 44. Qa5
Bb6 45. Qa8+ Kh7 46. Qc6 Qd3 47. Qe8 Ne3+ 48. Kf3 0-1

[Event "ch-CHN w"]
[Site "Xinghua Jiangsu CHN"]
[Date "2009.06.05"]
[Round "10"]
[White "Wang Jue"]
[Black "Zhang Jilin"]
[Result "1/2-1/2"]
[WhiteElo "2162"]
[BlackElo "2335"]
[EventDate "2009.05.26"]

1. e4 d6 2. d4 Nf6 3. Nc3 g6 4. Nf3 c6 5. a4 a5 6. Be2 Bg7 7. O-O O-O 8.
Bf4 Na6 9. Qd2 Re8 10. Rad1 Nb4 11. h3 Qc7 12. Bc4 e6 13. Bb3 b6 14. e5
dxe5 15. dxe5 Nfd5 16. Ne4 Nxf4 17. Qxf4 Nd5 18. Qh4 Qe7 19. Qg3 Ba6 20. c4
Nb4 21. Qf4 Red8 22. Nf6+ Kh8 23. Qh4 h6 24. g4 Rxd1 25. Rxd1 Rd8 26. g5 h5
27. Qf4 c5 28. Rd6 Bb7 29. Qd2 Nc6 30. Bc2 Bf8 31. Bxg6 fxg6 32. Nh4 Kg7
33. Nxg6 Nxe5 34. Nxe5 Qxd6 35. Nxh5+ Kg8 36. Nf6+ Kg7 1/2-1/2

[Event "ch-CHN w"]
[Site "Xinghua Jiangsu CHN"]
[Date "2009.06.05"]
[Round "10"]
[White "Wang Xiaohui"]
[Black "Zhang Xiaowen"]
[Result "0-1"]
[WhiteElo "2265"]
[BlackElo "2340"]
[EventDate "2009.05.26"]

1. d4 Nf6 2. c4 g6 3. g3 Bg7 4. Bg2 O-O 5. Nf3 c6 6. O-O d6 7. Nc3 Qa5 8.
e4 e5 9. h3 Nbd7 10. Re1 exd4 11. Nxd4 Ne5 12. Bf1 Re8 13. Be3 c5 14. Nb3
Qb4 15. Bd2 Qb6 16. f4 Nc6 17. Bg2 a5 18. Nb5 a4 19. Nc1 Nd4 20. Nxd4 cxd4
21. Nd3 Be6 22. Rc1 Rec8 23. b3 axb3 24. axb3 Nd7 25. Kh2 Nc5 26. Nb4 Re8
27. Rb1 Qd8 28. g4 Qh4 29. Qf3 Ra3 30. Rec1 Bd7 31. Re1 h5 32. gxh5 Qxh5
33. Qg3 Bf6 34. Bf3 Qh4 35. Nd5 Bd8 36. e5 Ra2 37. Re2 Qxg3+ 38. Kxg3 dxe5
39. fxe5 Bf5 40. Rbe1 Nxb3 41. Bb4 Rxe2 42. Rxe2 Bd3 43. Re1 Bxc4 44. Nf4
Bc7 45. Bd6 Bxd6 46. exd6 Rd8 47. Bxb7 Rxd6 48. Re8+ Kg7 49. Rc8 Bb5 50.
Rc7 Rd7 51. Rxd7 Bxd7 52. Bd5 Nc5 53. h4 Kf6 54. Kf3 Be6 55. Bc6 Bb3 56.
Nh3 Ke5 57. Be8 Bd1+ 58. Kf2 Ne4+ 59. Kg2 Bb3 60. Kf3 Bd1+ 61. Kg2 Nd6 62.
Bd7 d3 63. Nf2 Be2 64. Ba4 Kd4 65. Nd1 Ne4 66. Nb2 d2 67. Be8 Kc3 68. Nd1+
Bxd1 69. Bxf7 Bh5 0-1

[Event "ch-CHN w"]
[Site "Xinghua Jiangsu CHN"]
[Date "2009.06.06"]
[Round "11"]
[White "Zhao Xue"]
[Black "Xu Tong"]
[Result "1-0"]
[WhiteElo "2531"]
[BlackElo "2231"]
[EventDate "2009.05.26"]

1. d4 d5 2. c4 e6 3. Nf3 Nf6 4. Bg5 Be7 5. Nbd2 O-O 6. e3 h6 7. Bxf6 Bxf6
8. cxd5 exd5 9. Rc1 c6 10. b4 Qb6 11. Qb3 Re8 12. Be2 a6 13. O-O Be7 14.
Rb1 Bd6 15. Rfc1 Nd7 16. Qc2 Nf6 17. Bd3 Bg4 18. Ne1 Rac8 19. Nb3 Rc7 20.
Nc5 Rce7 21. a4 Qc7 22. h3 Bh2+ 23. Kh1 Bg3 24. Rb3 Kh8 25. Bf1 Bd6 26.
hxg4 Nxg4 27. Qf5 Re4 28. Nxe4 Rxe4 29. Bd3 g6 30. Qf3 f5 31. Kg1 Bh2+ 32.
Kf1 Bf4 33. Bxe4 Nh2+ 34. Ke2 Nxf3 35. Bxf3 Bd6 36. Bxd5 Qe7 37. Bf3 g5 38.
g3 f4 39. gxf4 gxf4 40. e4 Bxb4 41. Nd3 Bd6 42. a5 Qf7 43. d5 c5 44. Nxc5
Qc7 45. Rxb7 Qxa5 46. Ne6 1-0

[Event "ch-CHN w"]
[Site "Xinghua Jiangsu CHN"]
[Date "2009.06.06"]
[Round "11"]
[White "Zhang Xiaowen"]
[Black "Tan Zhongyi"]
[Result "1/2-1/2"]
[WhiteElo "2340"]
[BlackElo "2436"]
[EventDate "2009.05.26"]

1. e4 d6 2. d4 Nf6 3. Nc3 g6 4. Nf3 Bg7 5. h3 O-O 6. Be3 c6 7. a4 a5 8. Bc4
d5 9. exd5 cxd5 10. Bb3 Nc6 11. O-O e6 12. Bf4 Ne4 13. Nb5 Bd7 14. Qc1 Rc8
15. c3 f6 16. h4 Kh8 17. Nd6 Nxd6 18. Bxd6 Re8 19. Bh2 Qb6 20. Bc2 e5 21.
dxe5 Nxe5 22. Nd4 f5 23. Rd1 Ng4 24. Bg3 Rc4 25. Rb1 Bxd4 26. Rxd4 Rxd4 27.
cxd4 Qxd4 28. Qd1 Qxd1+ 29. Rxd1 Re2 30. Bb3 Bc6 31. Rb1 Kg7 32. Kf1 Rd2
33. Ke1 Rd4 34. Bc7 Bxa4 35. Ba2 Re4+ 36. Kf1 Nf6 37. g3 Bb5+ 38. Kg2 a4
39. Rd1 Re2 40. Bxd5 Nxd5 41. Rxd5 Bc6 42. Kf1 Rxb2 43. Be5+ Kf7 44. Bxb2
Bxd5 45. Ke2 b5 46. Ba3 Ke6 47. Kd3 f4 48. Kd4 Bc6 49. Kc5 Bd7 50. Kb4 Kf5
51. Bc1 f3 52. Be3 Ke4 53. Bc5 Kd3 54. Ka3 1/2-1/2

[Event "ch-CHN w"]
[Site "Xinghua Jiangsu CHN"]
[Date "2009.06.06"]
[Round "11"]
[White "Ju Wenjun"]
[Black "Wang Jue"]
[Result "1-0"]
[WhiteElo "2454"]
[BlackElo "2162"]
[EventDate "2009.05.26"]

1. d4 Nf6 2. c4 g6 3. Nf3 Bg7 4. g3 O-O 5. Bg2 d6 6. O-O Nc6 7. Nc3 Bf5 8.
b3 Ne4 9. Bb2 Nxc3 10. Bxc3 Be4 11. b4 e6 12. Qd2 d5 13. c5 h6 14. b5 Ne7
15. a4 c6 16. Ne1 g5 17. Nd3 Ng6 18. Nb4 Bxg2 19. Kxg2 Qd7 20. Qd3 e5 21.
dxe5 Qg4 22. Qd4 Qxe2 23. Rfe1 Qh5 24. bxc6 Rae8 25. cxb7 Bxe5 26. Rxe5
Rxe5 27. Nd3 f6 28. Nxe5 fxe5 29. Qxd5+ Kh7 30. h3 Qe2 31. Rf1 g4 32. Qd7+
Kh8 33. Qxg4 Qc2 34. c6 1-0